000 00817nam a2200229 i 4500
001 21419
003 ES-MaACL
005 20240418135236.0
007 t|
008 021125s1965 sp ||||1| spa d
100 1 _aAlcaide de la Vega, Juan.
_919440
245 1 0 _aMi ciudad /
_cJuan Alcaide de la Vega ; prólogo de Francisco López Estrada ; ilustraciones de Cristóbal Toral.
260 _aAntequera :
_b[s.n.],
_c1965 (
_eSevilla :
_fTall. Tip. F. Vera)
300 _a174 p., 15 lám. ;
_c20 cm.
490 1 _aBiblioteca Antequerana ;
_v5
700 0 _aLópez Estrada, Francisco,
_d1918-2010
_973627
700 1 _aToral, Cristóbal.
_9110607
830 0 _aBiblioteca Antequerana ;
_v5
_9228954
852 _aES-MaACL
_jC-28058
_bR.57306
852 _aES-MaACL
_jG-3934
_bR.65159
999 _c21419
_d21419